01233cam a2200373 a 450000100090000000300040000900500170001300800410003001000170007102000430008802000380013103500200016904000180018904200080020705000250021506000100024008200250025024500680027524600100034324600100035325000120036326000660037530000270044150000200046863000680048865000360055665000310059265000380062365000330066165000380069465000330073271000370076571000570080217665776OSt20220919153342.0130318s2013 dcu 001 0 eng  a 2013011061 a9780890425541 (hardcover : alk. paper) a9780890425558 (pbk. : alk. paper) a(DNLM)101604226 aDNLM/DLCcDLC apcc00aRC455.2.C4bD54 201310aWM 1500a616.89075223bAME/D00aDiagnostic and statistical manual of mental disorders :bDSM-5.1 aDSM-51 aDSM-V a5th ed. aWashington, D.C. :bAmerican Psychiatric Association,cc2013. axliv, 947 p. ;c26 cm. aIncludes index.02aDiagnostic and statistical manual of mental disorders.s5th ed. 0aMental illnessxClassification. 0aMental illnessxDiagnosis. 2aMental Disordersxclassification. 2aMental Disordersxdiagnosis.12aMental Disordersxclassification.12aMental Disordersxdiagnosis.2 aAmerican Psychiatric Association2 aAmerican Psychiatric Association.bDSM-5 Task Force.